|
|
|
|
| LEADER |
01870nem a2200445 a 4500 |
| 001 |
nkc20122387623 |
| 003 |
CZ PrNK |
| 005 |
20150522093235.0 |
| 007 |
aj canzn |
| 008 |
120719s2012 xr z a 0 cze |
| 015 |
|
|
|a cnb002387623
|
| 020 |
|
|
|a 978-80-87498-10-1
|q (Národní vinařské centrum)
|
| 034 |
1 |
|
|a a
|b 130000
|d E0162046
|e E0171037
|f N0491652
|g N0484732
|
| 040 |
|
|
|a BOA001
|b cze
|d ABA001
|
| 043 |
|
|
|a e-xr---
|b e-xr-mr
|b e-xr-jm
|2 czenas
|
| 072 |
|
7 |
|a 913(437)
|x Geografie Česka a Slovenska, reálie, cestování
|2 Konspekt
|9 7
|
| 072 |
|
7 |
|a 912
|x Mapy. Atlasy. Glóby
|2 Konspekt
|9 7
|
| 080 |
|
|
|a 663.2
|2 MRF
|
| 080 |
|
|
|a 634.8.04
|2 MRF
|
| 080 |
|
|
|a 913(437.32)
|2 MRF
|
| 080 |
|
|
|a 913(437.322)
|2 MRF
|
| 080 |
|
|
|a (084.3)
|2 MRF
|
| 245 |
0 |
0 |
|a Krajem vína
|h [kartografický dokument] :
|b vinařská oblast Morava : vinařská podoblast velkopavlovická : mapa
|
| 255 |
|
|
|a Měřítko 1:130 000
|c [(016°20´46" v.d.--017°10´37" v.d./049°16´52" s.š.--048°47´32" s.š.)]
|
| 260 |
|
|
|a Valtice :
|b Národní vinařské centrum,
|c [2012]
|
| 300 |
|
|
|a 1 mapa :
|b barev. ;
|c 42 x 42 cm, na listu 60 x 42 cm, složeno na 21 x 10 cm
|
| 500 |
|
|
|a Mapové podklady SHOCart
|
| 500 |
|
|
|a Stručný vlastivědný text
|
| 650 |
0 |
7 |
|a vinařství
|7 ph116575
|z Česko
|2 czenas
|
| 650 |
0 |
7 |
|a vinařské oblasti
|7 ph127105
|z Česko
|2 czenas
|
| 651 |
|
7 |
|a Morava (Česko)
|7 ge130070
|2 czenas
|
| 651 |
|
7 |
|a Velké Pavlovice (Česko : oblast)
|7 ge409513
|2 czenas
|
| 655 |
|
7 |
|a mapy
|7 fd132800
|2 czenas
|
| 710 |
2 |
|
|a SHOCart (firma)
|7 ko2001100207
|
| 910 |
2 |
|
|a BOA001
|b Mp2-1289.763
|
| 990 |
|
|
|a MP
|
| 995 |
|
|
|a 01
|
| 991 |
|
|
|b 201208
|c NOV
|e n
|
| 996 |
6 |
|
|b 2610516477
|c Mp2-1289.763
|l MZK
|r Sklad / do 1 hodiny
|n 0
|p p.v.
|w 001267877
|u 000010
|a 1
|e BOA001
|j MZK50
|s P
|
| 996 |
7 |
|
|b 2610516478
|c Mp2-1289.763
|l MZK
|r Sklad / do 1 hodiny
|n 1
|p p.v.
|w 001267877
|u 000020
|a 1
|e BOA001
|j MZK50
|s A
|